| 000 | 00767nam a2200193 a 4500 | ||
|---|---|---|---|
| 008 | 080923s2007 ||||||||||||||||| || u | ||
| 050 | _aIBRD(08)PRWP | ||
| 100 | _aShalizi, Zmarak | ||
| 245 | 1 | 0 | _aEnergy and emissions: local and global effects of the rise of China and India |
| 260 |
_aWashington, D.C.: _bWorld Bank _c2007 |
||
| 300 | _a52p. | ||
| 350 | _a0.00 | ||
| 490 | _aWorld Bank policy research working papers | ||
| 650 | _aFORCE AND ENERGY--CHINA--ENVIRONMENTAL ASPECTS | ||
| 650 | _aENERGY | ||
| 650 | _aFORCE AND ENERGY--INDIA--ENVIRONMENTAL ASPECTS | ||
| 710 | _aWorld Bank | ||
| 995 |
_D0.00 _FCBU-MAIN LIBRARY (Kitwe) _H1 _I0.00 _M4209 _UAVAILABLE _WSep 23, 2008 _ZInternational Publications |
||
| 999 |
_c41851 _d41851 |
||